01813agaaa2200301 45000010005000000030009000050050017000140070009000310080040000400400023000800410013001031000044001161300019001602400026001792450161002052460019003662500022003852600109004073000034005165080090005505110080006405200592007205380016013125460013013286500056013417000056013977000058014532222IT-RoPAU20220918181258.0d cvaizq50131s9999||||xx ||| | || ||und|| aIT-RoPAUcIT-RoPAU aITALIANO aAllen WoodygCodice regista SPICS: 9980 aOMBRE E NEBBIA aSHADOW AND FOGgT2755 aOMBRE E NEBBIAcProdotto da: Greenhut Robert -- Sceneggiatura: Allen Woody -- Diretto da: Allen WoodypOMBRE E NEBBIA (Rif. Codice opera principale : C2222) aSHADOW AND FOG aEdizione Standard a(USA)bORION PICTURES / Distribuzione: COLUMBIA TRISTARg"1991 (1° ed.: 1994 ; Ed. Lingua Orig.: 1991)" aVHSbsonoro, col.c104 minuti a"Fotografia: Di Palma Carlo; Montaggio: Morse Susan E.; Sceneggiatura: Allen Woody; " a"Allen Woody; Bates Kathy; Cusack John; Farrow Mia; Foster Jodie; Madonna " aGERMANIA ANNI '20. UN MISTERIOSO STRANGOLATORE SEMINA IL TERRORE IN UNA PICCOLA CITTADINA DI PROVINCIA. GLI ABITANTI ESASPERATI ORGANIZZANO UNA SPIETATA CACCCIA ALL'UOMO SOSPETTANDOSI A VICENDA. TRA GLI INDIZIATI ANCHE IL MITE E PAVIDO IMPIEGATO KLEINMANN. NEL FRATTEMPO IN CITTA' HA PIANTATO LE TENDE UN CIRCO. KLEINMANN OSSESSIONATO DAL PENSIERO DI ESSERE ADDITATO COME COLPEVOLE SI RIFUGIA TRA LE BRACCIA DELLA DOLCE MANGIATRICE DI SPADE IRMY. MAL'ASSASSINO E' IN AGGUATO. L'UOMO SI SALVERA' DAL MOSTRO E DAI SOSPETTI GRAZIE ALLE ILLUSIONI DI UN MAGO DEL CIRCO. FILM IN BIANCO E NERO. aPAL, STEREO aITALIANO aDRAMMATICOeFILMS [VHS]xCodice MATERIA SPICS: 9960 aAllen Woody e(regista)gCodice regista SPICS: 9980 aAllen Woody e(soggetto)gCodice Soggetto SPICS: 9980